Normal view
MARC view
- Gibson, Paul J.
Entry Personal Name
001 - CONTROL NUMBER
- control field: 3470
003 - CONTROL NUMBER IDENTIFIER
- control field: NUST
005 - DATE AND TIME OF LATEST TRANSACTION
- control field: 20170719173251.0
008 - FIXED-LENGTH DATA ELEMENTS
- fixed length control field: 170719|| aca||aabn | a|a d
040 ## - CATALOGING SOURCE
- Original cataloging agency: NUST
- Transcribing agency: NUST
100 ## - HEADING--PERSONAL NAME
- Personal name: Gibson, Paul J.
- Fuller form of name: (Paul Jude),
- Dates associated with a name: 1954-
670 ## - SOURCE DATA FOUND
- Source citation: Work cat.: (NUST)0: Gibson, Paul J. (Paul Jude), 1954-, Introductory remote sensing :, 2000.
